000 00626nam a2200241Ia 4500
003 OSt
005 20221007075709.0
006 a|||||r|||| 00| 0
007 ta
008 221006b |||||||| |||| 00| 0 eng d
024 _a42,908
037 _cTextual
040 _aFLL
_cFLL
_beng
041 _2eng
_aeng
082 _aZ2,9595, Q2
100 _aRao G.C.V.
_9694143
245 0 _aLaw of specific relife
250 _a7th
260 _aNew Delhi
_bOrient Publishing Company India
_c2012
300 _acxxvii,1731p
_ccm.
942 _hZ2,9595, Q2
_cTEXL
_2CC
999 _c1157047
_d1157047